[Event "Chioggia op-B 12th"]
[Site "Chioggia"]
[Date "2017.10.06"]
[Round "1"]
[White "Boscolo, Marco Bacchetto"]
[Black "Zucchini, Massimo"]
[Result "1-0"]
[WhiteElo "1728"]
[BlackElo "1372"]
[PlyCount "69"]
[EventDate "2017.10.06"]
[EventType "swiss"]
[EventRounds "5"]
[EventCountry "ITA"]
[SourceTitle "EXT 2022"]
[Source "ChessBase"]
[SourceDate "2021.10.06"]
[SourceVersion "1"]
[SourceVersionDate "2021.10.06"]
[SourceQuality "1"]

1. e4 e5 2. d4 exd4 3. c3 Nf6 4. Bg5 Be7 5. Bxf6 Bxf6 6. cxd4 Nc6 7. Nf3 d6 8. Bb5 Bd7 9. Nc3 0-0 10. 0-0 a6 11. Ba4 b5 12. Bb3 Bg4 13. Ne2 Bxf3 14. gxf3 Na5 15. Bc2 Nc6 16. f4 Nb4 17. Bb1 c5 18. a3 Nc6 19. e5 dxe5 20. Qc2 g6 21. dxe5 Be7 22. Rd1 Qc8 23. Qe4 Na5 24. Qg2 Qe6 25. Be4 Rad8 26. Qg3 Rxd1+ 27. Rxd1 Qb3 28. Qd3 Qxb2 29. Nc3 c4 30. Qg3 Nb3 31. Nd5 Bxa3 32. Qh4 f5 33. Nf6+ Rxf6 34. Bd5+ Kg7 35. Qxf6+ 1-0

[Event "Chioggia op-C 11th"]
[Site "Chioggia"]
[Date "2016.10.08"]
[Round "2"]
[White "Zucchini, Massimo"]
[Black "Pincin, Samuele"]
[Result "0-1"]
[WhiteElo "1411"]
[BlackElo "1284"]
[PlyCount "40"]
[EventDate "2016.10.07"]
[EventType "swiss"]
[EventRounds "5"]
[EventCountry "ITA"]
[SourceTitle "EXT 2022"]
[Source "ChessBase"]
[SourceDate "2021.10.06"]
[SourceVersion "1"]
[SourceVersionDate "2021.10.06"]
[SourceQuality "1"]

1. e4 e5 2. Nf3 Nc6 3. Bc4 Bc5 4. 0-0 Nf6 5. d3 0-0 6. h3 d6 7. Nc3 Nd4 8. Bg5 h6 9. Bh4 Bd7 10. Nd5 g5 11. Nxf6+ Qxf6 12. Bg3 Nxf3+ 13. Qxf3 Qxf3 14. gxf3 Bxh3 15. Rfd1 Rad8 16. c3 c6 17. d4 d5 18. Bb3 Rfe8 19. Re1 f6 20. Rad1 Kg7 0-1

[Event "Chioggia op-C 10th"]
[Site "Chioggia"]
[Date "2015.10.11"]
[Round "5"]
[White "Scagliarini, Massimo"]
[Black "Zucchini, Massimo"]
[Result "0-1"]
[WhiteElo "1317"]
[BlackElo "1383"]
[PlyCount "39"]
[EventDate "2015.10.09"]
[EventType "swiss"]
[EventRounds "5"]
[EventCountry "ITA"]
[SourceTitle "EXT 2022"]
[Source "ChessBase"]
[SourceDate "2021.10.06"]
[SourceVersion "1"]
[SourceVersionDate "2021.10.06"]
[SourceQuality "1"]

1. c4 Nf6 2. Nc3 e5 3. g3 Bc5 4. h3 0-0 5. Bg2 a6 6. e3 Nc6 7. a3 d6 8. Nge2 Be6 9. d3 Bb6 10. 0-0 Qc8 11. g4 h6 12. Ng3 Qd7 13. Nge4 Nxe4 14. Bxe4 d5 15. Bf5 g6 16. Bxe6 fxe6 17. b3 Rf6 18. b4 Raf8 19. Ra2 Ne7 20. c5 0-1